| 000 | 00651nam a2200217Ia 4500 | ||
|---|---|---|---|
| 003 | OSt | ||
| 005 | 20221007064533.0 | ||
| 006 | a|||||r|||| 00| 0 | ||
| 007 | ta | ||
| 008 | 221006b |||||||| |||| 00| 0 eng d | ||
| 024 | _a17,357 | ||
| 037 | _cReports / Technical Reports | ||
| 040 |
_aFLL _cFLL _beng |
||
| 041 |
_2eng _aeng |
||
| 082 | _aXM55:Z2rN73, L3 | ||
| 245 | 0 | _aSeventeenth annual report on the working and administration of the companies act,1956 | |
| 260 |
_aDelhi _bGovt. of India India _c1973 |
||
| 300 |
_a121p _ccm. |
||
| 942 |
_hXM55:Z2rN73, L3 _cREP _2CC |
||
| 999 |
_c1134379 _d1134379 |
||